Statistics for Calgary Region Cities on the Map

Click here to take the quiz!

General Stats

  • This quiz has been taken 78 times
  • The average score is 7 of 12

Answers on the Map

Answers color-coded by a green-red scale on the quiz's map according to % correct below.
 

Answer Stats

StatusPopSettlement% Correct
City1.23 mCalgary
100%
City61.5 kAirdrie
88%
City28.8 kOkotoks
85%
Town25.8 kCochrane
77%
City19.8 kChestermere
71%
Town13.5 kHigh River
60%
Town2.7 kBlack Diamond
48%
Town2.5 kTurner Valley
45%
Village307Longview
42%
Town2.9 kCrossfield
35%
Town1.2 kIrricana
31%
Village819Beiseker
26%

Score Distribution

Percentile by Number Answered

Percent of People with Each Score

Your Score History

You have not taken this quiz